000
00333 a2200157 4500
001
66534
020
_a
978587779410
040
_c
Anchieta - Pituba
100
_a
Kindermann, Barbara
240
1
0
_a
Guilherme Tell
_l
por
245
1
0
_a
Guilherme Tell
300
_a
39
362
0
_a
2016
650
4
_a
Literatura juvenil
942
_c
BK
999
_c
66534
_d
66534